000 01874cam a2200493 a 4500
001 20967
003 VRT
005 20260207124024.0
008 230403s1951 xo 000 d slo
015 _aSNBA19451955-010007
035 _aSK01SNKBKSFS20010085547
035 _aurn:nbn:sk:snk-am3i6bn
035 _a01FBF350-AAEB-4D40-9F85-D8EE29702F0E
035 _aurn:nbn:sk:snk-am00dlmm
035 _aSKM000088010
039 9 _a202304032058
_bVLOAD
_c202212050957
_dVLOAD
_c202205120833
_dVLOAD
_c202106231923
_dVLOAD
040 _aSNK
_bslo
_cSNK
_eAACR2
041 1 _aslo
_hrus
044 _axo
_cSK
072 7 _a821.161.1
_xRuská literatúra
_2konspekt
080 _a821.161.1-2
_22001
100 1 _aRachmanov, Leonid Nikolajevič,
_d1908-1988
_4aut
240 1 0 _aBespokojnaja starosť
_lSlovensky
245 1 0 _aProfesor Poležajev
_bhra v štyroch dejstvách
_cLeonid Rachmanov ; [z ruského originálu Bespokojnaja starosť ... preložil František Oktavec]
250 _a1. vyd.
260 _aMartin
_bMatica slovenská
_c1951
_eMartin
_fNeografia
300 _a99, [1] s.
_c
366 _e3300 výtl.
490 1 _aPrekladová divadelná knižnica
_vsv. 16
655 7 _aruské drámy
_2SNKPH
655 7 _aRussian drama
_2SNKPHeng
700 1 _aOktavec, František,
_d1917-2009
_4trl
700 1 _aTvarožek, Eduard Vladimír,
_d1920-1999
_4red
830 0 _aPrekladová divadelná knižnica
910 _asnk
942 _2ddc
_cKLDO
_n0
949 _617A0662571
_asnkSD 6934/16 D1
_bsnkD 1768/60
949 _617A0662581
_asnkSD 6934/16 D2
_bsnkF 5482/62
949 _62889092601
_asavukM 9824
949 _62889347791
_asavukIIIA 1185
_oPV 10752
949 _6270001000639557
_asvkbbS 39887
_bsvkbbm 62740
949 _617A0912090
_asnkSD 6934/16
_bsnk3291/51
_oI. 463/51 - evidenčné číslo
_s6100:20190903
999 _c20967
_d20967